Mediación e interacciones positivas: un desafío crucial para la puesta en marcha de la reforma curricular

Guardat en:
Dades bibliogràfiques
Autor principal: Falabella A., Alejandra (Autor)
Format: Llibre
Idioma:espanyol
Publicat: Santiago Fundación Integra 2002
Matèries:
Etiquetes: Afegir etiqueta
Sense etiquetes, Sigues el primer a etiquetar aquest registre!

MARC

LEADER 00000cam a2200000 a 4500
001 UCK7756
003 CL-VaPUC
008 051209e20020000CL |||||||||||||||||spa|d
082 0 4 |a 372.21  |b FAL  |2 21 
100 0 |a Falabella A., Alejandra  |e author  |9 497347 
245 1 0 |a Mediación e interacciones positivas: un desafío crucial para la puesta en marcha de la reforma curricular 
300 |a 22 p 
942 |c BK 
945 |d 20051209 00:00:00  |a cmena 
260 |a Santiago  |b Fundación Integra  |c 2002 
650 0 |a Educación preescolar  |9 260381 
650 0 |a Reforma educacional   |9 256319 
650 0 |a Resolución de conflictos  |9 434922 
650 0 |a Mediación  |9 338396 
650 0 |a Métodos de enseñanza  |9 270413 
583 |a last modification  |c 20130325 10:57:48  |k Rodrigo Vera 
999 |c 315604  |d 315602 
952 |0 0  |1 0  |4 0  |6 372_210000000000000_FAL_2002  |7 0  |8 A  |9 389003  |a BIBEDU  |b BIBEDU  |c ES_NOD  |d 2019-11-22  |i 4191625  |o 372.21 FAL 2002  |p 4191625  |r 2023-08-09  |w 2019-11-22  |y BK  |k PAR 
952 |0 0  |1 0  |4 0  |6 372_210000000000000_FAL_2002  |7 0  |8 A  |9 389004  |a BIBEDU  |b BIBEDU  |c ES_NOD  |d 2019-11-22  |i 4939883  |o 372.21 FAL 2002  |p 4939883  |r 2023-08-09  |w 2019-11-22  |y BK  |k EPE 
952 |0 0  |1 0  |4 0  |6 372_210000000000000_FAL_2002  |7 0  |8 A  |9 389005  |a BIBEDU  |b BIBEDU  |c ES_NOD  |d 2019-11-22  |i 4939891  |o 372.21 FAL 2002  |p 4939891  |r 2023-08-09  |w 2019-11-22  |y BK  |k EPE 
952 |0 0  |1 0  |4 0  |6 372_210000000000000_FAL_2002  |7 0  |8 A  |9 389006  |a BIBEDU  |b BIBEDU  |c ES_NOD  |d 2019-11-22  |i 4939905  |o 372.21 FAL 2002  |p 4939905  |r 2023-08-09  |w 2019-11-22  |y BK  |k EPE 
952 |0 0  |1 0  |4 0  |6 372_210000000000000_FAL_2002  |7 0  |8 A  |9 389007  |a BIBEDU  |b BIBEDU  |c ES_NOD  |d 2019-11-22  |i 4939913  |l 1  |o 372.21 FAL 2002  |p 4939913  |r 2023-08-09  |s 2022-11-29  |w 2019-11-22  |y BK  |k EPE 
952 |0 0  |1 0  |4 0  |6 372_210000000000000_FAL_2002  |7 0  |8 A  |9 389008  |a BIBEDU  |b BIBEDU  |c ES_NOD  |d 2019-11-22  |i 4939921  |o 372.21 FAL 2002  |p 4939921  |r 2023-08-09  |w 2019-11-22  |y BK  |k EPE 
952 |0 0  |1 0  |4 0  |6 372_210000000000000_FAL_2002  |7 0  |8 A  |9 389009  |a BIBEDU  |b BIBEDU  |c ES_NOD  |d 2019-11-22  |i 493993K  |o 372.21 FAL 2002  |p 493993K  |r 2023-08-09  |w 2019-11-22  |y BK  |k EPE 
952 |0 0  |1 0  |4 0  |6 372_210000000000000_FAL_2002  |7 0  |8 A  |9 389010  |a BIBEDU  |b BIBEDU  |c ES_NOD  |d 2019-11-22  |i 4939948  |o 372.21 FAL 2002  |p 4939948  |r 2023-08-09  |w 2019-11-22  |y BK  |k EPE